Post Beatles Top 75 Uk Singles - Statistics

General Stats
  • This quiz has been taken 46 times
  • The average score is 11 of 76
Answer Stats
Chart Position Year Artist Answer % Correct
#1 1975/1980 John Lennon Imagine
95%
#1 1982 Paul McCartney/Stevie Wonder Ebony and Ivory
88%
#1 1971/2002 George Harrison My Sweet Lord
78%
#3 1974 Paul McCartney and Wings Band on the Run
58%
#2 1983 Paul McCartney/Michael Jackson Say Say Say
53%
#2 1987 George Harrison Got My Mind Set on You
50%
#9 1973 Paul McCartney and Wings Live and Let Die
50%
#1 1981 John Lennon Woman
48%
#8 1973 Ringo Starr Photograph
43%
#1 1980 John Lennon (Just Like) Starting Over
38%
#7 1974 Paul McCartney andWings Jet
35%
#38 1975 George Harrison You
35%
#2 1980 Paul McCartney Coming Up
33%
#8 1982 Paul McCartney/Michal Jackson The Girl is Mine
33%
#4 1971 Ringo Starr It Don't Come Easy
28%
#5 1970 John Lennon/Plastic Ono Band Instant Karma
25%
#4 1974 Ringo Starr You're Sixteen
25%
#2 1971 Paul McCartney Another Day
23%
#25 1988 George Harrison When We Was Fab
23%
#2 1972 Ringo Starr Back off Boogaloo
20%
#1 1983 Paul McCartney Pipes of Peace
20%
#1 1989 Paul McCartney/Gerry Marsden/Holly Johnson Ferry Cross the Mersey
18%
#3 2015 Paul McCartney/Kanye West/Rihanna FourFiveSeconds
18%
#2 1972 John Lennon/Plastic Ono Band Happy Xmas (War is Over)
18%
#65 1985 John Lennon Jealous Guy
18%
#2 1984 Paul McCartney No More Lonely Nights
18%
#13 1985 Paul McCartney Spies Like Us
13%
#13 1981 George Harrison All Those Years Ago
10%
#58 1979 George Harrison Blow Away
10%
#26 1973 John Lennon Mind Games
10%
#6 1984 John Lennon Nobody Told Me
10%
#30 1981 John Lennon Watching The Wheels
10%
#10 1971 George Harrison Bangla-desh
8%
#8 1973 George Harrison Give Me Love (Give me Peace on Earth)
8%
#12 1973 Paul McCartney and Wings Helen Wheels
8%
#9 1980 Paul McCartney Waterfalls
8%
#6 1979 Paul McCartney Wonderful Christmastime
8%
#16 1974 Paul McCartney and Wings Junior's Farm
5%
#41 1982 John Lennon Love
5%
#18 1989 Paul McCartney My Brave Face
5%
#3 1984 Paul McCartney We All Stand Together
5%
#29 1990 Paul McCartney Birthday
3%
#32 1982 John Lennon Borrowed Time
3%
#38 1974 George Harrison Ding Dong Ding Dong
3%
#18 1993 Paul McCartney Hope of Deliverance
3%
#23 1975 John Lennon No 9 Dream
3%
#28 1974 Ringo Starr Only You
3%
#7 1971 John Lennon/Plastic Ono Band Power to the People
3%
#25 1986 Paul McCartney Press
3%
#30 1975 John Lennon Stand by Me
3%
#53 1982 Paul McCartney Tug of War
3%
#36 1974 John Lennon/Plastic Ono Nuclear Band Whatever Gets You Thru The Night
3%
#35 1990 Paul McCartney All My Trials
0%
#37 2003 George Harrison Any Road
0%
#39 1971 Paul and Linda McCartney Back Seat of My Car
0%
#25 1997 Paul McCartney Beautiful Night
0%
#41 1993 Paul McCartney C'Mon People
0%
#26 2007 Paul McCartney Dance Tonight
0%
#42 1989 Paul McCartney Figure of Eight
0%
#20 2005 Paul McCartney Fine Line
0%
#45 2001 Paul McCartney From a Lover to A Friend
0%
#60 1979 Paul McCartney Wings Getting Closer
0%
#22 2005 Paul McCartney Jenny Wren
0%
#41 1975 Paul McCartney and Wings Letting Go
0%
#42 1999 Paul McCartney No Other Baby
0%
#10 1987 Paul McCartney Once Upon a Long Ago
0%
#34 1986 Paul McCartney Only Love Remains
0%
#28 2015 Paul McCartney/Kanye West Only One
0%
#32` 1990 Paul McCartney Put it There
0%
#15 1982 Paul McCartney Take it Away
0%
#23 1997 Paul McCartney The World Tonight
0%
#55 1988 George Harrison This is Love
0%
#18 1989 Paul McCartney This One
0%
#21 2004 Paul McCartney Tropic Island Hum
0%
#74 1992 Ringo Starr Weight of The World
0%
#19 1997 Paul McCartney Young Boy
0%
No matching quizzes found
Score Distribution
Percent of People with Each Score
Percentile by Number Answered
Your Score History
You have not taken this quiz